000 00254nam a22001217a 4500
008 170208b xxu||||| |||| 00| 0 eng d
041 _aeng
080 _a61
100 _a4
101 _aSHM
245 _aCLINICS PERINATOLOGY
_c SIBAL.H
942 _2udc
_cBK
999 _c4889
_d4889